| 000 | 00285 a2200109 4500 | ||
|---|---|---|---|
| 001 | 35090 | ||
| 090 |
_c23236 _d23236 |
||
| 100 | _aHubert Smith | ||
| 245 |
_aIllustrated Guide to Aerodynamics _cHubert Smith |
||
| 260 |
_aUSA _bTab Books USA _c1985 |
||
| 300 | _ax, 227 pages : illustrations ; 24 cm | ||
| 942 | _aNUST-CAE | ||
| 999 |
_c270163 _d270163 |
||